Vizsgálják a Délhús tulajdonszerzését Pick-vétel: harminc napra felfüggesztve

Elmentve itt :
Bibliográfiai részletek
Dokumentumtípus: Cikk
Megjelent: 2005-06-25
Sorozat:Délmagyarország 95 No. 147
Kulcsszavak:Szeged, Élelmiszeripar húsipar, Pénzügy részvény tulajdonosváltás, Pick Szeged Rt., Délhús Rt.
Online Access:http://dmarchiv.bibl.u-szeged.hu/134875
LEADER 00550nab a2200145 i 4500
001 delm134875
005 20191203100039.0
008 191203s2005 hu o 0|| hun d
040 |a SZTE Délmagyarország Archívum  |b hun 
041 |a hun 
245 0 0 |a Vizsgálják a Délhús tulajdonszerzését   |h [elektronikus dokumentum] :  |b Pick-vétel: harminc napra felfüggesztve 
260 |c 2005-06-25 
300 |a 3 
490 0 |a Délmagyarország  |v 95 No. 147 
695 |a Szeged, Élelmiszeripar húsipar, Pénzügy részvény tulajdonosváltás, Pick Szeged Rt., Délhús Rt.